Super Mario 64 DS - Statistics

General Stats
  • This quiz has been taken 225 times
  • The average score is 45 of 80
Answer Stats
Hint Answer % Correct
The man in red Mario
99%
The man in green Luigi
98%
Main antagonist, kidnaps ^ Bowser
97%
Protagonist with a long tongue Yoshi
97%
Princess Peach
95%
The man in fat Wario
94%
Common brown enemy Goomba
88%
Floats on a cloud and wakes ^ Lakitu
88%
Mushroom-headed friend Toad
83%
Kidnaps ^ King Boo
78%
Collect 100 for a star Coins
74%
Total number of stars in each course 8
73%
Catch one for a key Rabbit
70%
Collect 8 for a star Red Coins
70%
Number of treasure chests owned by the Cap'n 4
68%
Course 1 Bob-omb Battlefield
68%
Leader of the bombs King Bob-omb
68%
Total number of stars in the game 150
66%
Snowman's lost his ___ Head
65%
The blue stuff that fills ^ Water
64%
Total number of castle secret stars 30
63%
Dog-like ball found in this course Chain Chomp
63%
Bird raced down the slide Penguin
63%
Pushy black balls with horns Bullies
61%
Instrument that bites Piano
61%
Plants that want to sleep Piranhas
61%
Can ___ ___ come out to play? The Eel
61%
Location of a ? block: Floating ___ Island
60%
Course 6 Hazy Maze Cave
59%
What the snowmen on the bridge do Hop
59%
Collect 5 for a star Silver Stars
59%
Course 2 Whomp's Fortress
59%
Bird that gives you a ride Owl
58%
Fiery mountain with 2 stars inside Volcano
56%
Punch a ghost to get this Blue Coin
55%
Course 3 Jolly Roger Bay
54%
Board Bowser's ___ Sub
54%
Course 4 Cool, Cool Mountain
53%
Watch for rolling ___ Rocks
53%
The snowman tries to ___ you away Blow
52%
Leader of the gravelers King Whomp
52%
Course 7 Lethal Lava Land
52%
Course 5 Big Boo's Haunt
50%
Course 9 Dire, Dire Docks
50%
Kidnaps ^ Goomboss
50%
Roll on this Log
50%
Course 8 Shifting Sand Land
50%
Course 14 Tick Tock Clock
50%
Cheeky hat-stealing primate Ukiki
50%
Course 15 Rainbow Ride
49%
Amusement park ride found in the basement Merry-Go-Round
48%
Colour of the haze Purple
48%
Big House in the ___ Sky
48%
Course 12 Tall, Tall Mountain
48%
Climb to the top to reach this angry rock Thwomp
48%
Course 11 Wet-Dry World
47%
Use this to change size within the level Pipe
46%
Crawl into this hidden house The Igloo
46%
Jump in on the hour to freeze ___ Time
46%
Course 10 Snowman's Land
45%
Speedy turtle who lives here Koopa the Quick
44%
His home is in the cave Wiggler
44%
Course 13 Tiny-Huge Island
43%
The water level is affected by how high you jump into this Painting
42%
Kidnaps ^ Chief Chilly
41%
The red coins are amassed in this Maze
39%
Luigi in the ___ Cage
38%
Maniac hat-stealing bird Klepto
37%
This leap gets you the distance Long Jump
37%
Ride this to get around Magic Carpet
37%
Swim through his rings: ___ ___ Manta Ray
37%
Where you end up if you swim into the black hole The Castle Garden
35%
They set up cannons Bob-omb Buddies
34%
Ice ball with a horn Chill Bully
34%
Stony hands inside the pyramid Eyerok
34%
Express Elevator: ___ ___ Hurry Up!
33%
Colour of the giant mushrooms Red and White
33%
The red coins are in this sub-level Town
31%
Rolling cube Tox Box
29%
Home to the sea monster Cavern
16%
No matching quizzes found
Score Distribution
Percent of People with Each Score
Percentile by Number Answered
Your Score History
You have not taken this quiz